00275nam a2200121Ia 4500008004100000020001400041041000800055082002300063100002100086245001100107260002700118300000800145230411s9999 xx 000 0 und d a0140-6736 aeng aN/613.2/BAR/B02407 aBarbour Virginia aLancet bElsevieraLondonc2003 a57p